01350cam a2200313 i 45000010005000000030008000050050017000130080039000300200035000690350018001040400032001220410008001540820022001622450083001842600131002673000021003984900008004195040041004275050054004686500046005227000040005687000031006087110078006397400030007179420012007479990015007599520140007749520122009143325BD-RjUL20211208233718.0131218s1976 ne b 101 0 eng a0444110275 (American Elsevier) a(BD-RjUL)3359 aDLCcDLCdDLCdBD-RjULbeng aeng00a336.278bTAX 197600aTaxing the brain drain /cedited by Jagdish N. Bhagwati and Martin Partington. aAmsterdam :bNorth Holland Pub. Co. :aNew York :bsole distributor for U.S.A. and Canada, American Elsevier Pub. Co.,cc1976. a222 p. ;c25 cm. vv-2 aIncludes bibliographies and indexes.0 a1. A proposal.--2. Theory and empirical analysis. 0aBrain drainxTaxationxCongresses.9104631 aBhagwati, Jagdish N.,d1934-9104641 aPartington, Martin.9104652 aBellagio Conference on the Brain Drain and Income Taxation,d1975.9104670 aBrain drain and taxation. 2ddccBK c3325d3325 00102ddc40718NFICaRUCLbRUCLcReadingd1980-10-10eNetherlandg0.00l0o336.278 TAX 1976r2013-12-18 00:00:00tC-1w2021-12-08yBK 00102ddc40718NFICaRUCLbRUCLcReadingd0000-00-00l0o336.278 TAX 1976r2016-12-29 00:00:00tC-2w2016-12-29yBK